Equipes de Football de Ligue 1 2012-13 - Statistiques

Statistiques générales
  • Ce quiz a été pris 141 fois
  • Le résultat moyen est 16 sur 20
Statistiques - réponses
# Équipe Pts % Correct
3. Olympique Lyonnais 67
100%
2. Olympique Marseille 71
100%
1. Paris Saint-Germain 83
100%
6. Lille OSC 62
98%
13. Stade Rennais 46
97%
5. AS Saint-Étienne 63
95%
7. Girondins de Bordeaux 55
95%
4. OGC Nice 64
94%
10. Toulouse FC 51
90%
9. Montpellier HSC 52
88%
20. Stade Brestois 29
82%
14. Stade de Reims 43
75%
8. FC Lorient 53
74%
12. SC Bastia 47
71%
17. AC Ajaccio 40
69%
18. Nancy Lorraine 38
66%
15. FC Sochaux-Montbéliard 41
61%
19. ESTAC Troyes 37
57%
16. Thonon Evian 40
56%
11. Valenciennes FC 48
47%
Aucun quiz correspondant
Distribution des résultats
% des personnes avec chaque résultat
Percentile par nombre de réponses
Votre historique - résultats
Vous n’avez pas pris ce quiz